The mask of Apollo /
Na minha lista:
| Autor principal: | |
|---|---|
| Formato: | Livro |
| Idioma: | inglês |
| Publicado em: |
New York
Bantam Books
1978
|
| Tags: |
Sem tags, seja o primeiro a adicionar uma tag!
|
MARC
| LEADER | 00000nam a2200000 4500 | ||
|---|---|---|---|
| 001 | CDOM0000002469 | ||
| 003 | mi | ||
| 005 | 20250920225910.0 | ||
| 008 | 250920b |||||||| |||| 00| 0 eng d | ||
| 040 | |c mi | ||
| 100 | |a Renault, Mary | ||
| 245 | 1 | |a The mask of Apollo / |c Mary Renault | |
| 260 | |a New York |b Bantam Books |c 1978 | ||
| 300 | |a 376 p. |c 18 cm. | ||
| 942 | |2 ddc |c BK | ||
| 952 | |0 0 |1 0 |2 ddc |4 0 |6 B_LNR02RENMAMAS11 |7 0 |9 6002 |a MI |b MI |d 1987-11-27 |i 686 |l 0 |o B-LNR02-RENMA-MAS11 |p CDOM686 |r 2025-07-13 16:28:00 |w 2025-07-13 |x DONO |y BK | ||
| 999 | |c 4794 |d 4794 | ||